[Event "BCF-chT2 0506 (4NCL)"]
[Site "Birmingham"]
[Date "2005.10.22"]
[Round "1.8"]
[White "Levicki, Jeffrey P"]
[Black "Rabbitte, Paul G"]
[Result "1-0"]
[WhiteElo "1880"]
[BlackElo "1455"]
[PlyCount "83"]
[EventDate "2005.10.22"]
[EventType "team-tourn"]
[EventRounds "11"]
[EventCountry "ENG"]
[SourceTitle "EXT 2007"]
[Source "ChessBase"]
[SourceDate "2006.11.23"]
[SourceVersion "1"]
[SourceVersionDate "2006.11.23"]
[SourceQuality "1"]
[WhiteTeam "Oxford"]
[BlackTeam "Micro Mark NWE II"]
[WhiteTeamCountry "ENG"]
[BlackTeamCountry "ENG"]

1. e4 g6 2. d4 Bg7 3. Nf3 Nf6 4. Nc3 0-0 5. Be3 d6 6. Bd3 Nc6 7. Qd2 Ng4 8. 0-0-0 a5 9. Bc4 Nb4 10. a3 Na6 11. Bg5 Qd7 12. h3 Nf6 13. e5 Ne8 14. e6 fxe6 15. Rhe1 d5 16. Bb5 c6 17. Bxa6 Rxa6 18. Na4 b6 19. Bh6 Qd6 20. Bxg7 Nxg7 21. Re5 Rf5 22. Qh6 Rh5 23. Rxh5 Nxh5 24. Ne5 Nf6 25. g4 Nd7 26. f4 c5 27. dxc5 bxc5 28. Rf1 Nxe5 29. fxe5 Qd8 30. Qf4 Bd7 31. Nxc5 Ra7 32. Nxd7 Rxd7 33. Qf7+ Kh8 34. Qxe6 Kg7 35. Qf7+ Kh6 36. g5+ Kxg5 37. Qf4+ Kh5 38. e6 g5 39. Qg4+ Kg6 40. exd7 Qb6 41. Qf5+ Kh5 42. Qxh7+ 1-0